[Event "ODJM B 2024"]
[Site "Willingen GER"]
[Date "2024.05.23"]
[Round "7"]
[White "Wilke, Ronja"]
[Black "De Cauter, Leah"]
[Result "1-0"]
[Termination "normal"]
[Board "48"]
[WhiteElo "1596"]
[BlackElo "1617"]
[WhiteClock "00:56:06"]
[BlackClock "00:03:41"]
[PlyCount "57"]
[WhiteFideId "16288378"]
[BlackFideId "16222350"]
[EventCountry "GER"]
[EventRounds "9"]
[EventType "swiss"]
[EventDate "2024.05.18"]

1. e4 {[%clk 01:30:58]} {[%emt 00:00:02]} c5 {[%clk 01:30:55]} {[%emt
00:00:06]} 2. Nc3 {[%clk 01:31:22]} {[%emt 00:00:06]} g6 {[%clk 01:31:18]}
{[%emt 00:00:07]} 3. g3 {[%clk 01:31:34]} {[%emt 00:00:18]} Bg7 {[%clk
01:31:41]} {[%emt 00:00:08]} 4. Bg2 {[%clk 01:31:41]} {[%emt 00:00:21]} Nc6
{[%clk 01:32:00]} {[%emt 00:00:12]} 5. d3 {[%clk 01:31:35]} {[%emt 00:00:36]}
Nf6 {[%clk 01:31:53]} {[%emt 00:00:37]} 6. h3 {[%clk 01:31:21]} {[%emt
00:00:43]} Rb8 {[%clk 01:32:02]} {[%emt 00:00:22]} 7. a4 {[%clk 01:31:19]}
{[%emt 00:00:32]} a6 {[%clk 01:32:14]} {[%emt 00:00:18]} 8. Be3 {[%clk
01:31:22]} {[%emt 00:00:27]} b6 {[%clk 01:29:14]} {[%emt 00:03:30]} 9. Qd2
{[%clk 01:29:53]} {[%emt 00:01:58]} O-O {[%clk 01:29:28]} {[%emt 00:00:17]} 10.
f4 {[%clk 01:27:28]} {[%emt 00:02:54]} e6 {[%clk 01:26:25]} {[%emt 00:03:33]}
11. Nf3 {[%clk 01:24:57]} {[%emt 00:03:01]} d5 {[%clk 01:17:24]} {[%emt
00:09:31]} 12. exd5 {[%clk 01:20:43]} {[%emt 00:04:44]} exd5 {[%clk 01:17:05]}
{[%emt 00:00:48]} 13. Ne2 {[%clk 01:19:23]} {[%emt 00:01:50]} d4 {[%clk
01:14:10]} {[%emt 00:03:26]} 14. Bf2 {[%clk 01:19:07]} {[%emt 00:00:46]} Re8
{[%clk 00:47:37]} {[%emt 00:27:02]} 15. O-O {[%clk 01:18:33]} {[%emt 00:01:03]}
Nd5 {[%clk 00:47:05]} {[%emt 00:01:03]} 16. Kh2 {[%clk 01:09:05]} {[%emt
00:09:58]} Ne3 {[%clk 00:27:44]} {[%emt 00:19:51]} 17. Rfe1 {[%clk 01:08:57]}
{[%emt 00:00:38]} Nxg2 {[%clk 00:21:51]} {[%emt 00:06:23]} 18. Kxg2 {[%clk
01:05:50]} {[%emt 00:03:36]} Qd7 {[%clk 00:16:15]} {[%emt 00:06:06]} 19. Neg1
{[%clk 01:05:33]} {[%emt 00:00:48]} Bb7 {[%clk 00:15:36]} {[%emt 00:01:10]} 20.
g4 {[%clk 01:02:02]} {[%emt 00:04:00]} Nb4 {[%clk 00:14:48]} {[%emt 00:01:19]}
21. Kg3 {[%clk 00:57:50]} {[%emt 00:04:41]} Rxe1 {[%clk 00:12:50]} {[%emt
00:02:27]} 22. Rxe1 {[%clk 00:58:08]} {[%emt 00:00:12]} Qxa4 {[%clk 00:12:26]}
{[%emt 00:00:55]} 23. b3 {[%clk 00:57:33]} {[%emt 00:01:05]} Qc6 {[%clk
00:09:52]} {[%emt 00:03:00]} 24. Qe2 {[%clk 00:56:25]} {[%emt 00:01:42]} Qd7
{[%clk 00:04:48]} {[%emt 00:05:33]} 25. Ne5 {[%clk 00:55:55]} {[%emt 00:01:02]}
Bxe5 {[%clk 00:04:20]} {[%emt 00:00:58]} 26. Qxe5 {[%clk 00:55:42]} {[%emt
00:00:42]} Nxc2 {[%clk 00:04:24]} {[%emt 00:00:26]} 27. Qxb8+ {[%clk 00:55:52]}
{[%emt 00:00:20]} Kg7 {[%clk 00:04:00]} {[%emt 00:00:54]} 28. Qe5+ {[%clk
00:55:47]} {[%emt 00:00:35]} Kf8 {[%clk 00:03:41]} {[%emt 00:00:48]} 29. Qh8#
{[%clk 00:56:06]} {[%emt 00:00:10]} 1-0

[Event "ODJM B 2024"]
[Site "Willingen GER"]
[Date "2024.05.23"]
[Round "7"]
[White "Klemm, Julian"]
[Black "Hoffmann, Svenja"]
[Result "0-1"]
[Termination "normal"]
[Board "50"]
[WhiteElo "1408"]
[BlackElo "1621"]
[WhiteClock "00:01:13"]
[BlackClock "00:22:07"]
[PlyCount "130"]
[WhiteFideId "533001901"]
[BlackFideId "16287312"]
[EventCountry "GER"]
[EventRounds "9"]
[EventType "swiss"]
[EventDate "2024.05.18"]

1. e4 {[%clk 01:30:47]} {[%emt 00:00:12]} e5 {[%clk 01:30:56]} {[%emt
00:00:05]} 2. Nf3 {[%clk 01:31:04]} {[%emt 00:00:14]} Nc6 {[%clk 01:31:11]}
{[%emt 00:00:15]} 3. Bb5 {[%clk 01:31:17]} {[%emt 00:00:17]} a6 {[%clk
01:31:28]} {[%emt 00:00:13]} 4. Ba4 {[%clk 01:31:38]} {[%emt 00:00:08]} Nf6
{[%clk 01:30:35]} {[%emt 00:01:23]} 5. O-O {[%clk 01:31:48]} {[%emt 00:00:20]}
b5 {[%clk 01:23:55]} {[%emt 00:07:11]} 6. Bb3 {[%clk 01:32:08]} {[%emt
00:00:10]} Bb7 {[%clk 01:23:40]} {[%emt 00:00:45]} 7. d3 {[%clk 01:31:30]}
{[%emt 00:01:08]} d6 {[%clk 01:21:05]} {[%emt 00:03:05]} 8. c3 {[%clk
01:31:10]} {[%emt 00:00:50]} Be7 {[%clk 01:16:40]} {[%emt 00:04:55]} 9. Bg5
{[%clk 01:30:24]} {[%emt 00:01:16]} O-O {[%clk 01:09:41]} {[%emt 00:07:29]} 10.
Re1 {[%clk 01:30:10]} {[%emt 00:00:44]} Nh5 {[%clk 01:00:04]} {[%emt 00:10:07]}
11. Bxe7 {[%clk 01:27:40]} {[%emt 00:03:00]} Qxe7 {[%clk 01:00:24]} {[%emt
00:00:10]} 12. Nbd2 {[%clk 01:24:52]} {[%emt 00:03:18]} Nf4 {[%clk 00:59:10]}
{[%emt 00:01:45]} 13. Nf1 {[%clk 01:24:13]} {[%emt 00:01:09]} Rac8 {[%clk
00:59:00]} {[%emt 00:00:39]} 14. Ng3 {[%clk 01:23:15]} {[%emt 00:01:27]} Na5
{[%clk 00:58:08]} {[%emt 00:01:23]} 15. d4 {[%clk 01:13:52]} {[%emt 00:09:53]}
c5 {[%clk 00:52:43]} {[%emt 00:05:54]} 16. Nf5 {[%clk 00:57:48]} {[%emt
00:16:35]} Qf6 {[%clk 00:49:05]} {[%emt 00:04:07]} 17. dxe5 {[%clk 00:53:35]}
{[%emt 00:04:43]} dxe5 {[%clk 00:49:03]} {[%emt 00:00:32]} 18. Qd6 {[%clk
00:44:11]} {[%emt 00:09:53]} Qxd6 {[%clk 00:36:30]} {[%emt 00:13:03]} 19. Nxd6
{[%clk 00:44:29]} {[%emt 00:00:12]} Rc7 {[%clk 00:34:47]} {[%emt 00:02:14]} 20.
Nxb7 {[%clk 00:43:57]} {[%emt 00:01:02]} Nxb7 {[%clk 00:34:42]} {[%emt
00:00:35]} 21. Rad1 {[%clk 00:37:27]} {[%emt 00:07:00]} c4 {[%clk 00:34:38]}
{[%emt 00:00:34]} 22. Bc2 {[%clk 00:34:32]} {[%emt 00:03:25]} f6 {[%clk
00:33:59]} {[%emt 00:01:08]} 23. g3 {[%clk 00:33:36]} {[%emt 00:01:26]} Ne6
{[%clk 00:34:00]} {[%emt 00:00:29]} 24. a4 {[%clk 00:31:21]} {[%emt 00:02:46]}
Ra8 {[%clk 00:32:55]} {[%emt 00:01:34]} 25. axb5 {[%clk 00:26:56]} {[%emt
00:04:54]} axb5 {[%clk 00:33:13]} {[%emt 00:00:13]} 26. Ra1 {[%clk 00:25:12]}
{[%emt 00:02:14]} Rcc8 {[%clk 00:32:16]} {[%emt 00:01:28]} 27. Red1 {[%clk
00:22:58]} {[%emt 00:02:44]} Nec5 {[%clk 00:31:19]} {[%emt 00:01:27]} 28. Nh4
{[%clk 00:19:52]} {[%emt 00:03:36]} Rxa1 {[%clk 00:29:32]} {[%emt 00:02:17]}
29. Rxa1 {[%clk 00:20:12]} {[%emt 00:00:10]} Rd8 {[%clk 00:29:57]} {[%emt
00:00:04]} 30. Rd1 {[%clk 00:19:56]} {[%emt 00:00:46]} Rxd1+ {[%clk 00:27:55]}
{[%emt 00:02:33]} 31. Bxd1 {[%clk 00:20:21]} {[%emt 00:00:04]} Nxe4 {[%clk
00:28:17]} {[%emt 00:00:08]} 32. Bf3 {[%clk 00:18:02]} {[%emt 00:02:49]} Nbd6
{[%clk 00:28:06]} {[%emt 00:00:41]} 33. Bxe4 {[%clk 00:17:38]} {[%emt
00:00:55]} Nxe4 {[%clk 00:28:22]} {[%emt 00:00:14]} 34. Nf5 {[%clk 00:17:56]}
{[%emt 00:00:11]} Kf7 {[%clk 00:28:42]} {[%emt 00:00:10]} 35. f3 {[%clk
00:17:50]} {[%emt 00:00:37]} Nc5 {[%clk 00:26:51]} {[%emt 00:02:20]} 36. Nd6+
{[%clk 00:16:53]} {[%emt 00:01:27]} Ke7 {[%clk 00:26:50]} {[%emt 00:00:31]} 37.
Nxb5 {[%clk 00:15:52]} {[%emt 00:01:30]} Nd3 {[%clk 00:27:08]} {[%emt
00:00:11]} 38. Kg2 {[%clk 00:15:10]} {[%emt 00:01:12]} Nxb2 {[%clk 00:26:58]}
{[%emt 00:00:40]} 39. Na3 {[%clk 00:15:00]} {[%emt 00:00:41]} Nd1 {[%clk
00:26:49]} {[%emt 00:00:39]} 40. Nxc4 {[%clk 00:15:12]} {[%emt 00:00:18]} Nxc3
{[%clk 00:27:14]} {[%emt 00:00:06]} 41. Ne3 {[%clk 00:14:58]} {[%emt 00:00:44]}
Ke6 {[%clk 00:27:31]} {[%emt 00:00:13]} 42. g4 {[%clk 00:14:31]} {[%emt
00:00:57]} g6 {[%clk 00:27:52]} {[%emt 00:00:08]} 43. Kg3 {[%clk 00:14:03]}
{[%emt 00:00:55]} Ne2+ {[%clk 00:28:11]} {[%emt 00:00:14]} 44. Kh4 {[%clk
00:13:50]} {[%emt 00:00:43]} h6 {[%clk 00:27:45]} {[%emt 00:00:56]} 45. Kh3
{[%clk 00:11:58]} {[%emt 00:02:22]} g5 {[%clk 00:27:37]} {[%emt 00:00:38]} 46.
Nf5 {[%clk 00:11:31]} {[%emt 00:00:58]} Nd4 {[%clk 00:27:54]} {[%emt 00:00:12]}
47. Ng7+ {[%clk 00:09:56]} {[%emt 00:02:05]} Kf7 {[%clk 00:27:58]} {[%emt
00:00:26]} 48. Nf5 {[%clk 00:09:32]} {[%emt 00:00:55]} Nxf3 {[%clk 00:25:56]}
{[%emt 00:02:32]} 49. Nxh6+ {[%clk 00:08:08]} {[%emt 00:01:53]} Kg6 {[%clk
00:25:55]} {[%emt 00:00:32]} 50. Kg3 {[%clk 00:07:39]} {[%emt 00:00:59]} Nd4
{[%clk 00:26:01]} {[%emt 00:00:23]} 51. Ng8 {[%clk 00:06:47]} {[%emt 00:01:21]}
Nc6 {[%clk 00:24:38]} {[%emt 00:01:53]} 52. h4 {[%clk 00:05:00]} {[%emt
00:02:18]} gxh4+ {[%clk 00:20:35]} {[%emt 00:04:33]} 53. Kxh4 {[%clk 00:05:13]}
{[%emt 00:00:15]} Kg7 {[%clk 00:20:59]} {[%emt 00:00:07]} 54. Nxf6 {[%clk
00:01:57]} {[%emt 00:03:47]} Kxf6 {[%clk 00:21:22]} {[%emt 00:00:07]} 55. Kh5
{[%clk 00:01:58]} {[%emt 00:00:29]} Ne7 {[%clk 00:19:56]} {[%emt 00:01:56]} 56.
Kh4 {[%clk 00:01:45]} {[%emt 00:00:43]} e4 {[%clk 00:19:23]} {[%emt 00:01:03]}
57. Kg3 {[%clk 00:01:44]} {[%emt 00:00:30]} Kg5 {[%clk 00:19:47]} {[%emt
00:00:07]} 58. Kf2 {[%clk 00:01:08]} {[%emt 00:01:07]} Kxg4 {[%clk 00:20:08]}
{[%emt 00:00:09]} 59. Ke3 {[%clk 00:01:22]} {[%emt 00:00:16]} Kf5 {[%clk
00:20:31]} {[%emt 00:00:07]} 60. Ke2 {[%clk 00:01:18]} {[%emt 00:00:34]} Nd5
{[%clk 00:20:52]} {[%emt 00:00:09]} 61. Ke1 {[%clk 00:01:13]} {[%emt 00:00:35]}
Kf4 {[%clk 00:21:01]} {[%emt 00:00:21]} 62. Kf2 {[%clk 00:01:21]} {[%emt
00:00:22]} Nc3 {[%clk 00:21:20]} {[%emt 00:00:11]} 63. Kf1 {[%clk 00:01:25]}
{[%emt 00:00:27]} Ke3 {[%clk 00:21:41]} {[%emt 00:00:09]} 64. Ke1 {[%clk
00:01:10]} {[%emt 00:00:44]} Kd3 {[%clk 00:21:59]} {[%emt 00:00:13]} 65. Kf2
{[%clk 00:01:13]} {[%emt 00:00:27]} Kd2 {[%clk 00:22:07]} {[%emt 00:00:21]} 0-1

[Event "ODJM B 2024"]
[Site "Willingen GER"]
[Date "2024.05.23"]
[Round "7"]
[White "Duchstein, Anna"]
[Black "Stepanjan, Tatevik Mia"]
[Result "1-0"]
[Termination "normal"]
[Board "51"]
[WhiteElo "1715"]
[BlackElo "1582"]
[WhiteClock "00:34:19"]
[BlackClock "00:16:55"]
[PlyCount "131"]
[WhiteFideId "16261372"]
[BlackFideId "16246128"]
[EventCountry "GER"]
[EventRounds "9"]
[EventType "swiss"]
[EventDate "2024.05.18"]

1. e4 {[%clk 01:30:56]} {[%emt 00:00:04]} c5 {[%clk 01:30:55]} {[%emt
00:00:05]} 2. c3 {[%clk 01:31:14]} {[%emt 00:00:11]} Nc6 {[%clk 01:31:17]}
{[%emt 00:00:09]} 3. d4 {[%clk 01:31:37]} {[%emt 00:00:07]} cxd4 {[%clk
01:31:41]} {[%emt 00:00:06]} 4. cxd4 {[%clk 01:31:57]} {[%emt 00:00:10]} e6
{[%clk 01:31:50]} {[%emt 00:00:21]} 5. a3 {[%clk 01:30:00]} {[%emt 00:02:28]}
d6 {[%clk 01:31:18]} {[%emt 00:01:01]} 6. Nf3 {[%clk 01:29:26]} {[%emt
00:01:03]} Nf6 {[%clk 01:31:05]} {[%emt 00:00:43]} 7. Nc3 {[%clk 01:29:12]}
{[%emt 00:00:44]} Be7 {[%clk 01:29:59]} {[%emt 00:01:35]} 8. Be2 {[%clk
01:28:39]} {[%emt 00:01:04]} O-O {[%clk 01:26:56]} {[%emt 00:03:32]} 9. O-O
{[%clk 01:28:50]} {[%emt 00:00:20]} Qb6 {[%clk 01:22:10]} {[%emt 00:05:15]} 10.
h3 {[%clk 01:25:58]} {[%emt 00:03:22]} Bd7 {[%clk 01:18:41]} {[%emt 00:03:59]}
11. Be3 {[%clk 01:24:58]} {[%emt 00:01:30]} Qc7 {[%clk 01:08:44]} {[%emt
00:10:28]} 12. Rc1 {[%clk 01:23:39]} {[%emt 00:01:49]} b6 {[%clk 01:07:32]}
{[%emt 00:01:42]} 13. Bd3 {[%clk 01:15:15]} {[%emt 00:08:54]} Qb7 {[%clk
01:05:14]} {[%emt 00:02:48]} 14. Bf4 {[%clk 01:12:59]} {[%emt 00:02:46]} a6
{[%clk 00:56:23]} {[%emt 00:09:21]} 15. Bb1 {[%clk 01:08:57]} {[%emt 00:04:31]}
Nh5 {[%clk 00:49:24]} {[%emt 00:07:29]} 16. Bh2 {[%clk 01:07:59]} {[%emt
00:01:28]} g6 {[%clk 00:41:41]} {[%emt 00:08:14]} 17. Re1 {[%clk 01:04:41]}
{[%emt 00:03:47]} Na7 {[%clk 00:28:28]} {[%emt 00:13:44]} 18. Qb3 {[%clk
00:56:49]} {[%emt 00:08:22]} Nb5 {[%clk 00:26:41]} {[%emt 00:02:17]} 19. Nxb5
{[%clk 00:52:40]} {[%emt 00:04:38]} Bxb5 {[%clk 00:26:06]} {[%emt 00:01:05]}
20. d5 {[%clk 00:48:20]} {[%emt 00:04:50]} e5 {[%clk 00:25:30]} {[%emt
00:01:06]} 21. Bd3 {[%clk 00:47:20]} {[%emt 00:01:30]} Bxd3 {[%clk 00:22:33]}
{[%emt 00:03:27]} 22. Qxd3 {[%clk 00:47:42]} {[%emt 00:00:08]} Rac8 {[%clk
00:18:07]} {[%emt 00:04:56]} 23. Rc3 {[%clk 00:36:20]} {[%emt 00:11:52]} Rxc3
{[%clk 00:17:23]} {[%emt 00:01:14]} 24. bxc3 {[%clk 00:36:40]} {[%emt
00:00:11]} Rc8 {[%clk 00:14:03]} {[%emt 00:03:50]} 25. Rc1 {[%clk 00:36:05]}
{[%emt 00:01:05]} b5 {[%clk 00:13:36]} {[%emt 00:00:57]} 26. g4 {[%clk
00:29:41]} {[%emt 00:06:54]} Nf6 {[%clk 00:11:20]} {[%emt 00:02:46]} 27. Bg3
{[%clk 00:28:36]} {[%emt 00:01:36]} Rc4 {[%clk 00:08:49]} {[%emt 00:03:01]} 28.
Nd2 {[%clk 00:28:03]} {[%emt 00:01:03]} Rc8 {[%clk 00:07:41]} {[%emt 00:01:37]}
29. Bh4 {[%clk 00:24:22]} {[%emt 00:04:11]} Qd7 {[%clk 00:05:59]} {[%emt
00:02:13]} 30. Bxf6 {[%clk 00:23:31]} {[%emt 00:01:21]} Bxf6 {[%clk 00:06:21]}
{[%emt 00:00:08]} 31. Rc2 {[%clk 00:20:49]} {[%emt 00:03:11]} Qe7 {[%clk
00:05:05]} {[%emt 00:01:46]} 32. Nb3 {[%clk 00:20:00]} {[%emt 00:01:19]} Bh4
{[%clk 00:01:56]} {[%emt 00:03:38]} 33. Na5 {[%clk 00:19:09]} {[%emt 00:01:22]}
Qc7 {[%clk 00:01:25]} {[%emt 00:01:01]} 34. Nc6 {[%clk 00:19:00]} {[%emt
00:00:39]} Qb6 {[%clk 00:01:07]} {[%emt 00:00:47]} 35. c4 {[%clk 00:16:22]}
{[%emt 00:03:09]} bxc4 {[%clk 00:00:43]} {[%emt 00:00:54]} 36. Qxc4 {[%clk
00:16:39]} {[%emt 00:00:13]} Re8 {[%clk 00:00:56]} {[%emt 00:00:17]} 37. Qc3
{[%clk 00:15:26]} {[%emt 00:01:43]} Qb1+ {[%clk 00:00:46]} {[%emt 00:00:41]}
38. Kg2 {[%clk 00:15:22]} {[%emt 00:00:33]} Qb6 {[%clk 00:00:48]} {[%emt
00:00:27]} 39. Rb2 {[%clk 00:15:10]} {[%emt 00:00:43]} Qc7 {[%clk 00:00:39]}
{[%emt 00:00:40]} 40. Qd3 {[%clk 00:14:13]} {[%emt 00:01:26]} a5 {[%clk
00:00:33]} {[%emt 00:00:36]} 41. a4 {[%clk 00:14:10]} {[%emt 00:00:33]} Ra8
{[%clk 00:28:14]} {[%emt 00:02:48]} 42. Rb5 {[%clk 00:40:41]} {[%emt 00:04:00]}
Bd8 {[%clk 00:24:49]} {[%emt 00:03:55]} 43. Qb3 {[%clk 00:40:02]} {[%emt
00:01:09]} Bh4 {[%clk 00:22:46]} {[%emt 00:02:32]} 44. Rb7 {[%clk 00:37:12]}
{[%emt 00:03:19]} Qc8 {[%clk 00:22:09]} {[%emt 00:01:09]} 45. Qb6 {[%clk
00:35:26]} {[%emt 00:02:14]} Bd8 {[%clk 00:20:57]} {[%emt 00:01:42]} 46. Nxd8
{[%clk 00:35:23]} {[%emt 00:00:34]} Qxd8 {[%clk 00:21:11]} {[%emt 00:00:16]}
47. Qxd8+ {[%clk 00:35:47]} {[%emt 00:00:06]} Rxd8 {[%clk 00:21:34]} {[%emt
00:00:08]} 48. Ra7 {[%clk 00:36:08]} {[%emt 00:00:08]} Kf8 {[%clk 00:21:42]}
{[%emt 00:00:22]} 49. Rxa5 {[%clk 00:36:33]} {[%emt 00:00:05]} Ke8 {[%clk
00:21:12]} {[%emt 00:01:00]} 50. Ra7 {[%clk 00:36:25]} {[%emt 00:00:39]} Rb8
{[%clk 00:21:19]} {[%emt 00:00:23]} 51. a5 {[%clk 00:36:13]} {[%emt 00:00:41]}
Rb5 {[%clk 00:20:24]} {[%emt 00:01:25]} 52. a6 {[%clk 00:36:11]} {[%emt
00:00:32]} Rb6 {[%clk 00:18:13]} {[%emt 00:02:41]} 53. Ra8+ {[%clk 00:36:04]}
{[%emt 00:00:38]} Ke7 {[%clk 00:18:01]} {[%emt 00:00:42]} 54. a7 {[%clk
00:36:20]} {[%emt 00:00:14]} Ra6 {[%clk 00:18:12]} {[%emt 00:00:18]} 55. Kg3
{[%clk 00:36:04]} {[%emt 00:00:47]} Kf6 {[%clk 00:17:07]} {[%emt 00:01:35]} 56.
h4 {[%clk 00:35:12]} {[%emt 00:01:21]} h6 {[%clk 00:17:07]} {[%emt 00:00:30]}
57. h5 {[%clk 00:32:51]} {[%emt 00:02:50]} gxh5 {[%clk 00:16:49]} {[%emt
00:00:48]} 58. gxh5 {[%clk 00:33:06]} {[%emt 00:00:14]} Kg5 {[%clk 00:16:47]}
{[%emt 00:00:33]} 59. Rg8+ {[%clk 00:33:27]} {[%emt 00:00:07]} Kxh5 {[%clk
00:16:03]} {[%emt 00:01:14]} 60. a8=Q {[%clk 00:33:47]} {[%emt 00:00:11]} Rxa8
{[%clk 00:16:10]} {[%emt 00:00:24]} 61. Rxa8 {[%clk 00:34:12]} {[%emt
00:00:05]} Kg5 {[%clk 00:15:55]} {[%emt 00:00:45]} 62. Rd8 {[%clk 00:34:09]}
{[%emt 00:00:32]} h5 {[%clk 00:16:08]} {[%emt 00:00:18]} 63. Rxd6 {[%clk
00:34:24]} {[%emt 00:00:13]} h4+ {[%clk 00:16:33]} {[%emt 00:00:07]} 64. Kh3
{[%clk 00:34:33]} {[%emt 00:00:20]} f6 {[%clk 00:16:57]} {[%emt 00:00:07]} 65.
Rd8 {[%clk 00:34:30]} {[%emt 00:00:33]} Kf4 {[%clk 00:16:55]} {[%emt 00:00:32]}
66. d6 {[%clk 00:34:19]} {[%emt 00:00:43]} 1-0